The working journalist's guide to substance and style / (Record no. 156014)
[ view plain ]
| 000 -LEADER | |
|---|---|
| fixed length control field | 00752nam a22002417a 4500 |
| 003 - CONTROL NUMBER IDENTIFIER | |
| control field | dpl |
| 005 - DATE AND TIME OF LATEST TRANSACTION | |
| control field | 20180818124110.0 |
| 008 - FIXED-LENGTH DATA ELEMENTS--GENERAL INFORMATION | |
| fixed length control field | 180818b xxu||||| |||| 00| 0 eng d |
| 010 ## - LIBRARY OF CONGRESS CONTROL NUMBER | |
| LC control number | B-031676 |
| 020 ## - INTERNATIONAL STANDARD BOOK NUMBER | |
| Terms of availability | 0.00 |
| International Standard Book Number | 8187336552 |
| 035 ## - SYSTEM CONTROL NUMBER | |
| System control number | B-031676 |
| 037 ## - SOURCE OF ACQUISITION | |
| Source of stock number/acquisition | BPPD/PUB |
| 040 ## - CATALOGING SOURCE | |
| Original cataloging agency | DPL |
| Language of cataloging | EN |
| Transcribing agency | 0 |
| 082 ## - DEWEY DECIMAL CLASSIFICATION NUMBER | |
| Classification number | 070.4 |
| Item number | BAL |
| 100 ## - MAIN ENTRY--PERSONAL NAME | |
| Personal name | Balsara, Rati |
| 245 ## - TITLE STATEMENT | |
| Title | The working journalist's guide to substance and style / |
| Statement of responsibility, etc | Rati Balsara |
| 260 ## - PUBLICATION, DISTRIBUTION, ETC. (IMPRINT) | |
| Place of publication, distribution, etc | New Delhi |
| Name of publisher, distributor, etc | Dominant Publishers and Distributors |
| Date of publication, distribution, etc | 2000 |
| 270 ## - ADDRESS | |
| Address | 199/5, C.B. Mag, Moujpur |
| City | New Delhi |
| Postal code | 110053 |
| 300 ## - PHYSICAL DESCRIPTION | |
| Extent | 277p. |
| Dimensions | 24cm(Hb) |
| 650 ## - SUBJECT ADDED ENTRY--TOPICAL TERM | |
| Topical term or geographic name as entry element | Evolution --Development |
| 9 (RLIN) | 39767 |
| 650 ## - SUBJECT ADDED ENTRY--TOPICAL TERM | |
| Topical term or geographic name as entry element | Communication--Social action |
| 9 (RLIN) | 39768 |
| 942 ## - ADDED ENTRY ELEMENTS (KOHA) | |
| Source of classification or shelving scheme | Dewey Decimal Classification |
| Koha item type | English Books |
| Classification part | 070.4 |
| Call number suffix | BAL |
| Withdrawn status | Lost status | Source of classification or shelving scheme | Damaged status | Not for loan | Collection code | Home library | Current library | Date acquired | Source of acquisition | Cost, normal purchase price | Total Checkouts | Full call number | Barcode | Date last seen | Cost, replacement price | Price effective from | Koha item type |
|---|---|---|---|---|---|---|---|---|---|---|---|---|---|---|---|---|---|
| Dewey Decimal Classification | Non-fiction | Shahdara Branch | Shahdara Branch | 18/08/2018 | BPPD/PUB | 0.00 | 070.4 BAL | B-031676 | 18/08/2018 | 0.00 | 18/08/2018 | English Books |
